[Event "Arco op 31st"]
[Site "Arco"]
[Date "2009.10.20"]
[Round "5"]
[White "Pienabarca, Nicola"]
[Black "Terna, Giovanni"]
[Result "1-0"]
[WhiteElo "2067"]
[BlackElo "1766"]
[PlyCount "49"]
[EventDate "2009.10.17"]
[EventType "swiss"]
[EventRounds "9"]
[EventCountry "ITA"]
[SourceTitle "EXT 2010"]
[Source "ChessBase"]
[SourceDate "2010.11.25"]
[SourceVersion "1"]
[SourceVersionDate "2010.11.25"]
[SourceQuality "1"]

1. d4 Nf6 2. Nf3 g6 3. g3 Bg7 4. Bg2 0-0 5. c4 d6 6. 0-0 Nbd7 7. Nc3 e5 8. e4 c6 9. h3 Qb6 10. c5 dxc5 11. dxe5 Ne8 12. Na4 Qb5 13. Bg5 Nxe5 14. Nxe5 f6 15. Be3 fxe5 16. Bxc5 Be6 17. Bxf8 Bxf8 18. Qc2 Nf6 19. b3 Be7 20. Rac1 Rf8 21. Nc5 Bf7 22. Qc3 Bd6 23. Rfd1 Bc7 24. a4 Qe2 25. Bf3 1-0